GE transistor manual

Guardat en:
Dades bibliogràfiques
Autor principal: General Electric Company. Semiconductor Products Department
Format: Llibre
Idioma:English
Publicat: Syracuse, N.Y. 1964
Matèries:
Etiquetes: Afegir etiqueta
Sense etiquetes, Sigues el primer a etiquetar aquest registre!

MARC

LEADER 00000nam a2200000Ia 4500
003 000554
005 20221231143942.0
008 140114s1964 njua 000 ||eng d
040 |c cru CEDI 
082 |a 621.381.51 R129t 
100 |a General Electric Company. Semiconductor Products Department.  |9 19154 
245 |a GE transistor manual 
260 |a Syracuse, N.Y.  |c 1964 
650 |x TRANSISTORES  |9 19155 
942 |2 ddc  |c BK 
999 |c 14697  |d 14697